000 01096nam0a22002891 4500
001 v19\rc\1581620
005 20061002105846.4
035 _a(NLR Aleph) 004708246
090 _a4163563
_c4163563
100 _a20061002d1893 |||y0rusy50 ca
101 0 _arus
102 _aRU
105 _ay z |||||
200 1 _aНаши дон-жуаны
_eОперетта из соврем. жизни в 3 д.
_e(Переделка с нем. "Unsere Don-Juans")
_fЛибретто А.А. Шульца и С.Я. Уколова
_gМуз. Рота
210 _aСанкт-Петербург
_c"Владимирская" типо-лит. Л. Мордуховской
_d1893
215 _a56 с.
_d22
700 1 _aШульц
_bА. А.
_gАльфонс Августович
701 1 _aУколов
_bС. Я.
_f1864-1897
_gСергей Яковлевич
702 1 _aРот
_4230
801 0 _aRU
_bNLR
_gpsbo
801 0 _aRU
_bRuMoRGB
_2psbo
801 1 _aRU
_bProSoft-M
_2rusmarc
852 _aNLR
_jИс80/Б-6/17
852 _aNLR
_j18.181.2.235
899 _aRuMoRGB
_jA 206/1532
942 _cBOOK
980 _aNB